000 00404nam a2200145Ia 4500
008 220217s9999||||xx |||||||||||||| ||und||
020 _a978-0-07-014622-8
082 _a519.2 LIP
100 _aLipschutz, Seymour Lipson, Marc Lars
_9855
245 0 _aProbability
250 _a2nd
260 _aTata mcgraw hill company Ltd
_bNew Delhi
_c2010
300 _aXI, 300
_b229
650 _aMATHEMATICS
999 _c179461
_d179461